Represntative and experimental basins : (Record no. 134207)
[ view plain ]
| 000 -LEADER | |
|---|---|
| fixed length control field | 00757nam a22002417a 4500 |
| 005 - DATE AND TIME OF LATEST TRANSACTION | |
| control field | 20170124110222.0 |
| 010 ## - LIBRARY OF CONGRESS CONTROL NUMBER | |
| LC control number | 565627 |
| 020 ## - INTERNATIONAL STANDARD BOOK NUMBER | |
| Terms of availability | 00.00 |
| 035 ## - SYSTEM CONTROL NUMBER | |
| System control number | 565627 |
| 037 ## - SOURCE OF ACQUISITION | |
| Source of stock number/acquisition | Cen Lib/Ret |
| 040 ## - CATALOGING SOURCE | |
| Original cataloging agency | DPL |
| Language of cataloging | EN |
| 082 ## - DEWEY DECIMAL CLASSIFICATION NUMBER | |
| Classification number | 551.49 |
| Item number | REP |
| 245 ## - TITLE STATEMENT | |
| Title | Represntative and experimental basins : |
| Statement of responsibility, etc | edited by C. Toebes [and] V. Ouryvaev |
| Remainder of title | an international guide for research and practice / |
| 260 ## - PUBLICATION, DISTRIBUTION, ETC. (IMPRINT) | |
| Place of publication, distribution, etc | Paris |
| Name of publisher, distributor, etc | Unesco |
| Date of publication, distribution, etc | 1970 |
| 270 ## - ADDRESS | |
| City | Paris |
| Address | Place de Fontenoy |
| 300 ## - PHYSICAL DESCRIPTION | |
| Extent | 348p. : |
| Dimensions | 24cm(Hb) |
| Other physical details | ill. |
| 500 ## - GENERAL NOTE | |
| General note | Includes bibliographical references<br/> |
| 650 ## - SUBJECT ADDED ENTRY--TOPICAL TERM | |
| Topical term or geographic name as entry element | Watersheds |
| 9 (RLIN) | 40083 |
| 650 ## - SUBJECT ADDED ENTRY--TOPICAL TERM | |
| Topical term or geographic name as entry element | Hydrology -- Research |
| 9 (RLIN) | 40084 |
| 700 ## - ADDED ENTRY--PERSONAL NAME | |
| Personal name | Toebs, C. |
| 9 (RLIN) | 40085 |
| 700 ## - ADDED ENTRY--PERSONAL NAME | |
| Personal name | V. Ouryvaev |
| 9 (RLIN) | 40086 |
| 942 ## - ADDED ENTRY ELEMENTS (KOHA) | |
| Source of classification or shelving scheme | Dewey Decimal Classification |
| Koha item type | English Books |
| Classification part | 551.49 |
| Call number suffix | REP |
| Withdrawn status | Lost status | Damaged status | Not for loan | Collection code | Home library | Current library | Date acquired | Source of acquisition | Cost, normal purchase price | Total Checkouts | Full call number | Barcode | Date last seen | Copy number | Cost, replacement price | Price effective from | Koha item type | Public note |
|---|---|---|---|---|---|---|---|---|---|---|---|---|---|---|---|---|---|---|
| Written off | Not For Loan | Reference | Central Library | Central Library | 29/07/2015 | Cen Lib/Ret | 0.00 | 551.49 REP | 565627 | 29/07/2015 | 1 | 0.00 | 29/07/2015 | English Books | Written off on approval by DLB (By Circulation); dtd 15-06-2023 |
